000 00418pab a2200181 454500
008 180718b2009 xxu||||| |||| 00| 0 eng d
100 _aJhunjhunwala, Bharat
245 _aQuality of fiscal deficit
260 _c2009
300 _ap.10-11.
362 _a25 Jul
650 _aDeficit financing - India
650 _aBudget - India
650 _aBudget
773 _aMainstream
908 _aN
909 _a83076
999 _c83076
_d83076